Jak úspěšně podnikat l.díl.

Guardado en:
Detalles Bibliográficos
Formato: Libro
Lenguaje:checo
Publicado: Frýdek-Místek : PLISKA, 1991
Etiquetas: Agregar Etiqueta
Sin Etiquetas, Sea el primero en etiquetar este registro!

MARC

LEADER 00000nam a22000003a 4500
001 stu895
005 20150408175111.3
008 911219s1991----cs------------------cze-d
020 |a 80-85-232-11-X 
040 |a STU  |b slo 
041 0 |a cze 
044 |a cs 
080 |a 334.722 
080 |a 658.114 
245 |a Jak úspěšně podnikat l.díl. 
260 |a Frýdek-Místek :  |b PLISKA,  |c 1991 
300 |a 128 s :  |b príl 
996 |b E75801  |c R*75801  |l RRUM  |s A  |a 24  |w stu895_0001